| 000 | 00855cam a22002415a 4500 | ||
|---|---|---|---|
| 001 | L157903 | ||
| 008 | 130613s2013 xxk f 000 0 eng d | ||
| 020 | _a9781848063242 | ||
| 035 | _a(Sirsi) u157903 | ||
| 041 | 0 | _aeng | |
| 100 | 1 | _aDunster, Andrew | |
| 110 | 2 | _aBuilding Research Establishment | |
| 245 | 0 | 0 | _aDurability of alkali-activated binder concretes |
| 260 |
_aWatford _bBRE _c2013 |
||
| 300 |
_a12p. _bill. _c30cm. |
||
| 490 | 0 |
_aBRE Digest _v(5/13) |
|
| 520 | _aPresents some initial results (to two years of exposure) of a programme of long-term durability tests conducted under recent BRE-led research programmes. | ||
| 521 | _aAdvanced | ||
| 650 | 2 | 4 | _aBUILT ENVIRONMENT-BUILDING MATERIALS-CEMENTITIOUS, CONCRETE ADN MINERAL BOUND MATERIAL-CONCRETE |
| 651 | 4 | _aENGLAND AND WALES | |
| 690 | _aBUILDING MATERIALS | ||
| 942 | _n0 | ||
| 999 |
_c115019 _d115019 |
||